000 00763nam a22002057a 4500
999 _c177886
_d177886
005 20210309154118.0
010 _aENG-129179
020 _a978-81-237-9189-0
_c160.00
035 _aEN-112711
037 _bDBAD/PUB
082 _a616.24140954
100 _aChauhan, Rekha
245 _aMaking Sense of it All: understanding the concerns of persons with disabilities/
_cRekha Chauhan and Harsheeta
260 _aNew Delhi
_bNational Book Trust
_c2020
270 _bNew Delhi
_e110070
_aNehru Bhawan, 5 Institutional Area, Phase-II, Vasant Kunj
300 _axxiv+105p.
_c21cm(pbk)
_bIncluding illustrations and bibliographical references.
500 _aillustration: Viky Arya
700 _aHarsheeta
942 _2ddc
_cEN
_h616.24140954
_mCHA